[Event "TUR-chT Superleague 2018"]
[Site "Ankara"]
[Date "2018.08.02"]
[Round "9"]
[White "Tasdogen, Dincer"]
[Black "Kamer, Kayra"]
[Result "1/2-1/2"]
[WhiteElo "2280"]
[BlackElo "2208"]
[Annotator "NA"]
[PlyCount "164"]
[EventDate "2018.07.25"]
[EventType "team-tourn"]
[EventCountry "TUR"]
[SourceTitle "playchess.com"]
[Source "ChessBase"]
[SourceQuality "1"]
[TimeControl "40/5400+30:1800+30"]

1. e4 {[%emt 0:00:30]} c5 {[%emt 0:00:30]} 2. Nf3 {[%emt 0:00:30]} e6 {[%emt 0:00:00]} 3. g3 {[%emt 0:03:30]} d5 {[%emt 0:00:00]} 4. Nc3 {[%emt 0:01:30]} d4 {[%emt 0:01:30]} 5. Ne2 {[%emt 0:00:30]} Nc6 {[%emt 0:00:30]} 6. d3 {[%emt 0:00:30]} g6 {[%emt 0:00:00]} 7. Bg2 {[%emt 0:02:30]} Bg7 {[%emt 0:00:00]} 8. O-O {[%emt 0:00:30]} Nge7 {[%emt 0:00:30]} 9. Nd2 {[%emt 0:05:30]} O-O {[%emt 0:01:30]} 10. f4 {[%emt 0:00:00]} Rb8 {[%emt 0:00:00]} 11. e5 {[%emt 0:07:00]} b5 {[%emt 0:00:00]} 12. Ne4 {[%emt 0:02:30]} Qb6 {[%emt 0:00:00]} 13. g4 {[%emt 0:01:30]} Nd5 {[%emt 0:00:00]} 14. g5 {[%emt 0:05:30]} Nce7 {[%emt 0:02:30]} 15. N2g3 {[%emt 0:04:30]} Nf5 {[%emt 0:08:30]} 16. Nxf5 $11 {[%emt 0:07:30]} exf5 {[%emt 0:00:30]} 17. Nf6+ {[%emt 0:01:30]} Bxf6 {[%emt 0:00:30]} 18. gxf6 {[%emt 0:14:30]} Nc7 {[%emt 0:00:30]} 19. Qe1 {[%emt 0:00:30]} Bb7 {[%emt 0:01:30]} 20. Qh4 {[%emt 0:03:30]} h5 {[%emt 0:00:30]} 21. Kf2 {[%emt 0:10:30]} Bxg2 {[%emt 0:03:30]} 22. Rg1 {[%emt 0:02:30]} Kh7 {[%emt 0:03:30]} 23. Rxg2 {[%emt 0:00:00]} Rh8 {[%emt 0:00:30]} 24. Bd2 {[%emt 0:03:00]} Ne6 {[%emt 0:01:30]} 25. Qh3 {[%emt 0:02:41]} Qc6 {[%emt 0:00:30]} 26. Qf3 {[%emt 0:05:05]} Rhc8 {[%emt 0:01:30]} 27. Qxc6 {[%emt 0:02:14]} Rxc6 {[%emt 0:00:00]} 28. Rgg1 {[%emt 0:00:03]} Kg8 {[%emt 0:02:00]} 29. Rgb1 {[%emt 0:03:07]} c4 {[%emt 0:00:30]} 30. Ke2 {[%emt 0:00:17]} Kf8 {[%emt 0:01:30]} 31. Kd1 {[%emt 0:02:55]} Ke8 {[%emt 0:00:30]} 32. a4 {[%emt 0:01:05]} b4 {[%emt 0:01:30]} 33. dxc4 {[%emt 0:05:00]} Rxc4 {[%emt 0:00:30]} 34. b3 {[%emt 0:00:34]} Rc6 {[%emt 0:01:30]} 35. a5 {[%emt 0:00:02]} Nc5 {[%emt 0:00:30]} 36. Ke2 {[%emt 0:02:57]} Kd7 {[%emt 0:00:30]} 37. Rb2 {[%emt 0:01:31]} Ke6 {[%emt 0:00:30]} 38. Be1 {[%emt 0:00:27]} Kd5 {[%emt 0:00:30]} 39. Kf3 {[%emt 0:00:40]} Ne4 {[%emt 0:10:30]} 40. Ke2 {[%emt 0:00:00]} Rbc8 {[%emt 0:00:00]} 41. Rc1 {[%emt 0:05:52]} Nc3+ {[%emt 0:03:00]} 42. Kd3 {[%emt 0:01:30]} Ra6 {[%emt 0:09:30]} 43. Ra1 {[%emt 0:05:30]} g5 {[%emt 0:10:30]} 44. fxg5 {[%emt 0:00:30]} Re6 {[%emt 0:03:30]} 45. Bg3 {[%emt 0:02:50]} Ne4 {[%emt 0:00:30]} 46. Bf4 {[%emt 0:00:00]} Nf2+ {[%emt 0:01:30]} 47. Kd2 {[%emt 0:03:18]} Nh3 {[%emt 0:00:30]} 48. Rf1 {[%emt 0:00:01]} Ke4 {[%emt 0:01:30]} 49. Rbb1 {[%emt 0:00:01]} Rec6 {[%emt 0:02:30]} 50. Rbe1+ {[%emt 0:00:30]} Kd5 {[%emt 0:00:30]} 51. Rc1 {[%emt 0:00:00]} Rg8 {[%emt 0:09:30]} 52. Rce1 {[%emt 0:06:44]} Nxf4 {[%emt 0:01:30]} 53. Rxf4 {[%emt 0:00:01]} Rxg5 {[%emt 0:00:30]} 54. Re2 {[%emt 0:00:01]} Rc3 {[%emt 0:03:30]} 55. h4 {[%emt 0:01:09]} Rgg3 {[%emt 0:00:30]} 56. Rxf5 {[%emt 0:01:32]} Rxc2+ {[%emt 0:02:30]} 57. Kxc2 {[%emt 0:00:01]} d3+ {[%emt 0:00:30]} 58. Kd2 {[%emt 0:00:33]} dxe2 {[%emt 0:00:00]} 59. Kxe2 {[%emt 0:01:15]} Rxb3 {[%emt 0:01:00]} 60. Rxh5 {[%emt 0:00:02]} Ra3 {[%emt 0:01:30]} 61. Rg5 {[%emt 0:07:39]} Ke6 {[%emt 0:01:30]} 62. Rg4 {[%emt 0:02:27]} Rxa5 {[%emt 0:00:30]} 63. Rxb4 {[%emt 0:00:02]} Rxe5+ {[%emt 0:00:30]} 64. Kf3 {[%emt 0:00:58]} Kxf6 {[%emt 0:00:00]} 65. Rb7 {[%emt 0:00:52]} a5 {[%emt 0:04:00]} 66. Ra7 {[%emt 0:00:01]} Kg6 {[%emt 0:00:30]} 67. Kf4 {[%emt 0:01:24]} f6 {[%emt 0:00:30]} 68. Ra6 {[%emt 0:00:00]} Rb5 {[%emt 0:00:00]} 69. Kg4 {[%emt 0:00:20]} Rb4+ {[%emt 0:04:00]} 70. Kf3 {[%emt 0:00:01]} Rb3+ {[%emt 0:01:30]} 71. Kf4 {[%emt 0:00:54]} Rb5 {[%emt 0:02:30]} 72. Kg4 {[%emt 0:00:05]} Rc5 {[%emt 0:00:30]} 73. Kf4 {[%emt 0:01:06]} Rc4+ {[%emt 0:00:30]} 74. Ke3 {[%emt 0:00:52]} a4 {[%emt 0:00:30]} 75. h5+ {[%emt 0:00:00]} Kg5 {[%emt 0:00:30]} 76. h6 {[%emt 0:00:00]} Rh4 {[%emt 0:00:30]} 77. h7 {[%emt 0:00:10]} a3 {[%emt 0:00:30]} 78. Rxa3 {[%emt 0:00:20]} Rxh7 {[%emt 0:00:00]} 79. Ra4 {[%emt 0:00:40]} f5 {[%emt 0:00:00]} 80. Kf3 {[%emt 0:00:32]} Rh1 {[%emt 0:00:30]} 81. Rb4 {[%emt 0:00:26]} Rf1+ {[%emt 0:00:00]} 82. Kg2 {[%emt 0:00:28]} Rf4 {[%emt 0:00:00]} 1/2-1/2

[Event "TUR-chT Superleague 2018"]
[Site "Ankara"]
[Date "2018.08.02"]
[Round "9"]
[White "Injac, Teodora"]
[Black "Nechaeva, Marina"]
[Result "0-1"]
[WhiteElo "2271"]
[BlackElo "2419"]
[Annotator "TA"]
[PlyCount "126"]
[EventDate "2018.07.25"]
[EventType "team-tourn"]
[EventCountry "TUR"]
[SourceTitle "playchess.com"]
[Source "ChessBase"]
[SourceQuality "1"]

{[%evp 21,126,29,28,0,10,0,0,0,0,0,-2,0,0,0,0,0,-11,-29,8,-65,0,0,1,0,106,31,50,16,44,42,70,59,98,58,99,47,56,45,45,20,20,23,31,15,21,0,8,-19,2,-98,-139,-202,-172,-205,-166,-412,-379,-335,-24,-21,-29,-41,0,0,0,0,0,0,0,0,0,0,-8,-390,-450,-747,-670,-676,-632,-690,-1012,-1582,-1602,-1461,-1017,-771,-1549,-1218,-1263,-1168,-984,-29989,-29965,-29963,-29964,-5612,-6733,-5695,-7039,-6203,-5608,-29979,-2055,-29982,-29981,-29980,-2376]} 1. d4 d5 2. c4 c6 3. cxd5 cxd5 4. Bf4 Nf6 5. e3 Nc6 6. Nc3 Bg4 7. Qb3 {D10: Slav Defence: 3 cxd5 (without early Nf3) and 3 Nc3} Na5 8. Qa4+ Bd7 9. Qc2 e6 10. Nf3 Nh5 11. Bg5 f6 {LiveBook: 9 Games} 12. Bh4 g5 13. Bg3 g4 14. Ng1 {[%cal Bf3g1,Bg1e2,Be2f4][%mdl 32]} Nxg3 15. hxg3 {[#]} f5 $146 16. Nge2 Rc8 17. Nf4 Qf6 18. a3 Bd6 19. Bd3 a6 20. Rc1 (20. O-O-O $11) 20... Kf7 (20... h5 $15) 21. Rh5 $11 h6 22. Ke2 Qd8 {[#]} (22... b5 $11 {remains equal.}) 23. Rch1 (23. Bxf5 $1 $16 {[%mdl 512]} Bxf4 (23... exf5 24. Rxf5+) 24. Bg6+ (24. gxf4 exf5 25. Rxf5+ Kg7 $11) 24... Kg7 25. gxf4 (25. exf4 Nc6 $11)) 23... Kg7 24. f3 gxf3+ 25. gxf3 Bxf4 26. gxf4 {[%cal Rd3f5]} Be8 27. R5h2 {And now Bxf5 would win.} Bf7 28. Ke1 ({White should play} 28. Qb1 $16) 28... h5 $1 $14 29. Rg1+ Kf8 30. Qa4 Nc4 31. Bxc4 Rxc4 32. Qb3 b5 {[%cal Bb7b5,Bb5b4][%mdl 32]} 33. Ke2 Qc7 34. Kd3 Be8 35. Rd2 {[#]} (35. Kc2 $11) 35... a5 $1 $17 36. a4 ({Avoid the trap} 36. Nxb5 $2 Qb6 $19) (36. Rh2 $17 {was called for.}) 36... b4 37. Nb5 Qb6 38. Rc2 $2 (38. Ke2) 38... Bxb5 $19 39. axb5 Rxc2 $2 ({Black should try} 39... Qxb5 $19 {aiming for ...Rc3+.} 40. Rxc4 Kf7) 40. Qxc2 $11 {White threatens Qc8+ and mate.} Qxb5+ $40 {[%mdl 4224] Endgame KQR-KQR. Black attacks.} 41. Kd2 Qc4 42. Qa4 {Qd7 would kill now.} Qc7 43. Rc1 Qd8 44. Qc6 Kf7 45. Qb7+ $1 Kf6 $1 ({Not} 45... Qe7 $2 46. Rc7 $18) 46. Rc7 {Intending Rf7+ and mate.} Qg8 {White must now prevent ...h4.} 47. Kd3 $2 {[%mdl 8192]} (47. Rd7 $1 $11 {and White has nothing to worry.}) 47... h4 {[%cal Bh5h4,Bh4h3,Bh3h2][%mdl 32]} 48. Rc1 (48. Qc6 $142 Qg1 49. Qc1 Qxc1 50. Rxc1) 48... h3 49. Qc7 h2 50. Qe5+ Kg6 51. Rh1 Qc8 52. e4 dxe4+ 53. fxe4 Rh3+ 54. Kd2 b3 {( -> ...Qc2+)} 55. exf5+ exf5 56. Qc5 Qxc5 57. dxc5 {KR-KR} Kf7 58. Ke2 Ke6 59. Kf1 Kd5 60. Kg2 Rh4 61. Kg3 Rh5 62. Kf3 Kxc5 63. Ke3 Rh3+ {Precision: White = 22%, Black = 68%.} (63... a4 $142 64. Kf3 {[#]} a3 $1 {[%mdl 512]} 65. bxa3 b2 66. Kf2 Rh4 67. Ke3 Rh3+ 68. Kd2 Rxa3 69. Re1 Kc4 70. Rb1 Ra1 71. Rh1 Rxh1 72. Ke2 b1=Q 73. Kf3 Rg1 74. Kf2 Qe1+ 75. Kf3 h1=Q#) 0-1

[Event "TUR-chT Superleague 2018"]
[Site "Ankara"]
[Date "2018.08.02"]
[Round "9"]
[White "Kara, Yanki"]
[Black "Ozoglu, Berker"]
[Result "1-0"]
[WhiteElo "2270"]
[BlackElo "1843"]
[Annotator "NA"]
[PlyCount "105"]
[EventDate "2018.07.25"]
[EventType "team-tourn"]
[EventCountry "TUR"]
[SourceTitle "playchess.com"]
[Source "ChessBase"]
[SourceQuality "1"]
[TimeControl "40/5400+30:1800+30"]

1. e4 {[%emt 0:00:30]} e5 {[%emt 0:00:30]} 2. Nf3 {[%emt 0:00:30]} Nc6 {[%emt 0:00:30]} 3. Bb5 {[%emt 0:00:30]} Nf6 {[%emt 0:00:00]} 4. d3 {[%emt 0:02:30]} d6 {[%emt 0:05:00]} 5. O-O {[%emt 0:00:30] LiveBook: 763 Games} h6 {[%emt 0:00:30]} 6. c3 {[%emt 0:00:30]} a6 {[%emt 0:00:30]} 7. Ba4 {[%emt 0:00:30]} b5 {[%emt 0:00:30]} 8. Bc2 {[%emt 0:00:30]} g5 {[%emt 0:00:00]} 9. Re1 {[%emt 0:06:30]} Bg7 {[%emt 0:00:00]} 10. d4 {[%emt 0:03:30]} Bg4 {[%emt 0:00:30]} 11. Be3 {[%emt 0:02:30]} O-O {[%emt 0:02:30]} 12. Nbd2 {[%emt 0:01:30]} Ne7 {[%emt 0:07:30]} 13. h3 {[%emt 0:10:30]} Bxf3 {[%emt 0:03:30]} 14. Nxf3 {[%emt 0:02:30]} Ng6 {[%emt 0:00:30]} 15. a4 {[%emt 0:02:30]} g4 $16 {[%emt 0:09:30]} 16. dxe5 {[%emt 0:08:30]} dxe5 {[%emt 0:01:30]} 17. hxg4 {[%emt 0:00:30]} Nxg4 {[%emt 0:00:30]} 18. Bc5 {[%emt 0:01:30]} Qf6 {[%emt 0:00:30]} 19. Qd7 {[%emt 0:02:30]} Qf4 {[%emt 0:06:30]} 20. Qf5 {[%emt 0:06:30]} Rfe8 {[%emt 0:06:30]} 21. g3 {[%emt 0:03:30]} Qxf5 {[%emt 0:01:30]} 22. exf5 {[%emt 0:00:30]} Nf8 {[%emt 0:06:30]} 23. Be4 {[%emt 0:01:30]} Nd7 {[%emt 0:02:30]} 24. Bxa8 {[%emt 0:01:30]} Nxc5 {[%emt 0:00:30]} 25. Bc6 {[%emt 0:00:30]} Rb8 {[%emt 0:04:30]} 26. axb5 {[%emt 0:00:30]} axb5 {[%emt 0:00:30]} 27. b4 {[%emt 0:02:30]} Rb6 {[%emt 0:03:30]} 28. Ra8+ {[%emt 0:00:00]} Kh7 {[%emt 0:02:30]} 29. Be4 {[%emt 0:00:00]} Nxe4 {[%emt 0:02:30]} 30. Rxe4 {[%emt 0:00:30]} Nf6 {[%emt 0:01:30]} 31. Rh4 {[%emt 0:00:30]} Bh8 {[%emt 0:02:30]} 32. Nxe5 {[%emt 0:00:30]} Nd5 {[%emt 0:00:30]} 33. Nxf7 {[%emt 0:00:30]} Bxc3 {[%emt 0:00:30]} 34. Ng5+ {[%emt 0:00:30]} Kg7 {[%emt 0:00:00]} 35. Ne6+ {[%emt 0:00:30]} Kh7 {[%emt 0:00:00]} 36. Rd8 {[%emt 0:00:30]} Rd6 {[%emt 0:01:30]} 37. Rc8 {[%emt 0:01:30]} Bf6 {[%emt 0:01:30]} 38. Rg4 {[%emt 0:00:30]} h5 {[%emt 0:01:30]} 39. Rg6 {[%emt 0:00:30]} Rxe6 {[%emt 0:00:30]} 40. Rf8 {[%emt 0:00:00]} Bg7 {[%emt 0:00:00]} 41. Rd8 {[%emt 0:10:00]} Re5 {[%emt 0:15:00]} 42. Rd7 {[%emt 0:03:30]} Ne7 {[%emt 0:02:30]} 43. f4 {[%emt 0:05:30]} Re4 {[%emt 0:01:30]} 44. Re6 {[%emt 0:02:30]} Rxe6 {[%emt 0:01:30]} 45. fxe6 {[%emt 0:00:00]} Bf6 {[%emt 0:00:30]} 46. Rxc7 {[%emt 0:01:00]} Kg6 {[%emt 0:00:30]} 47. Rb7 {[%emt 0:00:00]} Nf5 {[%emt 0:03:30]} 48. Rxb5 {[%emt 0:02:00]} Nxg3 {[%emt 0:00:00]} 49. Kf2 {[%emt 0:03:30]} h4 {[%emt 0:00:00]} 50. Rd5 {[%emt 0:00:30]} Nf5 {[%emt 0:00:30]} 51. b5 {[%emt 0:01:30]} Bd4+ {[%emt 0:03:30]} 52. Kf3 {[%emt 0:00:30]} Bg1 {[%emt 0:01:30]} 53. Rxf5 {[%emt 0:00:30]} 1-0

[Event "TUR-chT Superleague 2018"]
[Site "Ankara"]
[Date "2018.08.02"]
[Round "9"]
[White "Yilmaz, Goktan"]
[Black "Sari, Yasin"]
[Result "1/2-1/2"]
[WhiteElo "2233"]
[BlackElo "2299"]
[Annotator "NA"]
[PlyCount "105"]
[EventDate "2018.07.25"]
[EventType "team-tourn"]
[EventCountry "TUR"]
[SourceTitle "playchess.com"]
[Source "ChessBase"]
[SourceQuality "1"]
[TimeControl "40/5400+30:1800+30"]

1. e4 {[%emt 0:00:30]} g6 {[%emt 0:00:30]} 2. d4 {[%emt 0:00:30]} Bg7 {[%emt 0:00:30]} 3. Nc3 {[%emt 0:00:00]} c6 {[%emt 0:00:00]} 4. Nf3 {[%emt 0:02:00]} d5 {[%emt 0:01:00]} 5. e5 {[%emt 0:01:30]} Bg4 {[%emt 0:01:30]} 6. h3 {[%emt 0:14:30]} Bxf3 $1 {[%emt 0:01:30] LiveBook: 9 Games} 7. Qxf3 {[%emt 0:00:00]} e6 {[%emt 0:01:30]} 8. Qd3 {[%emt 0:10:00]} a6 {[%emt 0:03:30]} 9. f4 {[%emt 0:00:30]} Nd7 {[%emt 0:07:30]} 10. Be2 {[%emt 0:08:30]} (10. Ne2 $11) 10... c5 $15 {[%emt 0:05:30]} 11. dxc5 {[%emt 0:12:30]} Nxc5 {[%emt 0:00:30]} 12. Qd4 {[%emt 0:00:30]} Nd7 {[%emt 0:06:30]} 13. Be3 {[%emt 0:04:30]} Ne7 {[%emt 0:09:30]} 14. Bf2 {[%emt 0:00:30]} Nc6 {[%emt 0:02:30]} 15. Qd2 {[%emt 0:01:30]} O-O {[%emt 0:10:30]} 16. O-O {[%emt 0:01:30]} b5 {[%emt 0:02:30]} 17. Bd3 {[%emt 0:02:30]} Bh6 {[%emt 0:05:30]} 18. a4 {[%emt 0:10:30]} b4 {[%emt 0:04:30]} 19. Na2 {[%emt 0:01:30]} a5 {[%emt 0:10:30]} 20. Bb5 {[%emt 0:04:30]} Ncxe5 {[%emt 0:04:30]} 21. Qd4 {[%emt 0:01:30]} Nc4 {[%emt 0:00:30]} 22. Bxc4 {[%emt 0:00:30]} Bg7 {[%emt 0:00:30]} 23. Qd3 {[%emt 0:01:51]} dxc4 {[%emt 0:00:40]} 24. Qxc4 {[%emt 0:00:09]} Nb6 {[%emt 0:01:25]} 25. Qb5 {[%emt 0:01:32]} Nd5 {[%emt 0:01:03]} 26. c3 {[%emt 0:05:41]} bxc3 {[%emt 0:03:39]} 27. Nxc3 {[%emt 0:01:35]} Nxc3 {[%emt 0:01:22]} 28. bxc3 {[%emt 0:00:31]} Bxc3 {[%emt 0:00:30]} 29. Rad1 {[%emt 0:01:55]} Qf6 {[%emt 0:00:19]} 30. Be3 {[%emt 0:00:42]} Rab8 {[%emt 0:01:30]} 31. Qg5 {[%emt 0:02:44]} Rb2 {[%emt 0:03:09]} 32. Rd7 {[%emt 0:03:06]} Ra2 {[%emt 0:04:13]} 33. Rfd1 {[%emt 0:00:45]} Ra1 {[%emt 0:03:27]} 34. Rxa1 {[%emt 0:03:21]} Qxg5 {[%emt 0:00:30]} 35. fxg5 {[%emt 0:00:30]} Bxa1 {[%emt 0:00:00]} 36. Bd2 {[%emt 0:00:00]} Ra8 {[%emt 0:00:49]} 37. Kf2 {[%emt 0:00:26]} Bg7 {[%emt 0:03:25]} 38. Rb7 {[%emt 0:02:35]} Bf8 {[%emt 0:00:32]} 39. Ke2 {[%emt 0:01:33]} Bb4 {[%emt 0:01:01]} 40. Bxb4 {[%emt 0:00:57]} axb4 {[%emt 0:00:30]} 41. Rxb4 {[%emt 0:00:00]} h6 {[%emt 0:07:26]} 42. gxh6 {[%emt 0:02:07]} Kh7 {[%emt 0:01:30]} 43. Kd3 {[%emt 0:02:30]} e5 {[%emt 0:01:30]} 44. Kc4 {[%emt 0:04:30]} e4 {[%emt 0:03:50]} 45. Kb5 {[%emt 0:07:50]} f5 {[%emt 0:03:40]} 46. a5 {[%emt 0:01:07]} e3 {[%emt 0:01:53]} 47. Ra4 {[%emt 0:00:37]} e2 {[%emt 0:05:49]} 48. Ra1 {[%emt 0:00:38]} Re8 {[%emt 0:00:21]} 49. Re1 {[%emt 0:00:15]} Re5+ {[%emt 0:00:15]} 50. Kb6 {[%emt 0:00:52]} Re6+ {[%emt 0:00:05]} 51. Kb7 {[%emt 0:00:26]} Re7+ {[%emt 0:00:09]} 52. Kc6 {[%emt 0:00:25]} Re6+ {[%emt 0:00:30]} 53. Kb5 {[%emt 0:00:11]} 1/2-1/2

[Event "TUR-chT Superleague 2018"]
[Site "Ankara"]
[Date "2018.08.02"]
[Round "9"]
[White "Uzumcu, Ahmet Utku"]
[Black "Isik, Alparslan"]
[Result "0-1"]
[WhiteElo "2231"]
[BlackElo "2187"]
[Annotator "NA"]
[PlyCount "126"]
[EventDate "2018.07.25"]
[EventType "team-tourn"]
[EventCountry "TUR"]
[SourceTitle "playchess.com"]
[Source "ChessBase"]
[SourceQuality "1"]
[TimeControl "40/5400+30:1800+30"]

1. e4 {[%emt 0:00:30]} c5 {[%emt 0:00:30]} 2. Nf3 {[%emt 0:00:30]} d6 {[%emt 0:00:30]} 3. d4 {[%emt 0:00:30]} cxd4 {[%emt 0:00:30]} 4. Nxd4 {[%emt 0:00:30]} Nf6 {[%emt 0:00:30]} 5. Nc3 {[%emt 0:00:30]} a6 {[%emt 0:00:00]} 6. f4 {[%emt 0:00:00]} Qc7 {[%emt 0:00:00]} 7. a4 {[%emt 0:00:00]} g6 {[%emt 0:00:30]} 8. Be2 {[%emt 0:01:30]} Bg7 {[%emt 0:02:30]} 9. Be3 {[%emt 0:01:30]} O-O {[%emt 0:01:30]} 10. O-O {[%emt 0:00:30]} Nc6 {[%emt 0:14:30]} 11. Nb3 {[%emt 0:05:30]} b6 {[%emt 0:04:30]} 12. Bf3 {[%emt 0:03:30]} Bb7 {[%emt 0:01:30]} 13. Qe2 {[%emt 0:09:30]} e6 {[%emt 0:07:30]} 14. Rad1 {[%emt 0:02:30]} Rfd8 {[%emt 0:02:30]} 15. g4 {[%emt 0:06:30]} Nd7 {[%emt 0:03:30]} 16. g5 {[%emt 0:05:30]} Nc5 {[%emt 0:00:30]} 17. Bg2 {[%emt 0:06:30]} Nb4 {[%emt 0:10:30]} 18. h4 {[%emt 0:12:30]} d5 $11 {[%emt 0:05:30]} 19. e5 {[%emt 0:08:30]} Nxb3 {[%emt 0:01:30]} 20. cxb3 {[%emt 0:00:30]} Bf8 {[%emt 0:00:00]} 21. Qf2 {[%emt 0:05:30]} Bc5 {[%emt 0:03:00]} 22. Bd4 {[%emt 0:03:30]} Bxd4 {[%emt 0:03:30]} 23. Rxd4 {[%emt 0:01:30]} Qc5 {[%emt 0:02:30]} 24. Rfd1 {[%emt 0:01:30]} Nc6 {[%emt 0:01:30]} 25. R4d3 {[%emt 0:01:30]} Qxf2+ {[%emt 0:10:30]} 26. Kxf2 {[%emt 0:00:30]} a5 {[%emt 0:00:00]} 27. Bf1 {[%emt 0:04:57]} Ba6 {[%emt 0:01:00]} 28. R3d2 {[%emt 0:01:56]} Bxf1 {[%emt 0:00:30]} 29. Rxf1 {[%emt 0:00:00]} Rdc8 {[%emt 0:06:04]} 30. Nb5 {[%emt 0:03:46]} Ne7 {[%emt 0:00:37]} 31. Nd6 {[%emt 0:02:30]} Rc5 {[%emt 0:01:33]} 32. Ke2 {[%emt 0:03:21]} Nf5 {[%emt 0:04:59]} 33. Nxf5 {[%emt 0:00:45]} gxf5 {[%emt 0:00:01]} 34. Rf3 {[%emt 0:00:24]} Rac8 {[%emt 0:01:19]} 35. Rdd3 {[%emt 0:01:43]} Rc2+ {[%emt 0:01:02]} 36. Rd2 {[%emt 0:00:30]} Rc1 {[%emt 0:00:00]} 37. h5 {[%emt 0:00:00]} Rh1 {[%emt 0:00:44]} 38. h6 {[%emt 0:00:05]} Rhc1 {[%emt 0:01:05]} 39. Rdd3 {[%emt 0:01:10]} R8c2+ {[%emt 0:01:29]} 40. Rd2 {[%emt 0:00:00]} Rc5 {[%emt 0:00:00]} 41. Rdd3 {[%emt 0:01:23]} Rb1 {[%emt 0:05:37]} 42. Rd2 {[%emt 0:03:30]} Kf8 {[%emt 0:01:30]} 43. Kd3 {[%emt 0:03:30]} Ke7 {[%emt 0:03:30]} 44. Rc2 {[%emt 0:01:30]} Rd1+ {[%emt 0:00:30]} 45. Rd2 {[%emt 0:00:30]} Rdc1 {[%emt 0:00:00]} 46. Ke2 {[%emt 0:02:30]} Kd7 {[%emt 0:01:00]} 47. Kd3 {[%emt 0:07:30]} Kc7 {[%emt 0:03:30]} 48. Kd4 {[%emt 0:02:20]} Re1 {[%emt 0:01:30]} 49. Kd3 {[%emt 0:00:35]} Re4 {[%emt 0:01:30]} 50. Rg2 {[%emt 0:02:20]} Kd7 {[%emt 0:03:30]} 51. Rd2 {[%emt 0:02:17]} Rb4 {[%emt 0:04:10]} 52. Ke2 {[%emt 0:00:20]} Kc6 {[%emt 0:00:29]} 53. Rdd3 {[%emt 0:01:16]} d4 {[%emt 0:05:02]} 54. Rf2 {[%emt 0:01:59]} Kd5 {[%emt 0:04:26]} 55. Kf3 {[%emt 0:00:52]} b5 {[%emt 0:00:42]} 56. axb5 {[%emt 0:00:47]} Rcxb5 {[%emt 0:00:09]} 57. Rc2 {[%emt 0:00:29]} Rxb3 {[%emt 0:00:30]} 58. Rxb3 {[%emt 0:00:30]} Rxb3+ {[%emt 0:00:00]} 59. Kf2 {[%emt 0:00:00]} Ke4 {[%emt 0:00:50]} 60. Rc7 {[%emt 0:00:18]} Rxb2+ {[%emt 0:00:00]} 61. Ke1 {[%emt 0:00:24]} Ke3 {[%emt 0:00:00]} 62. Kd1 {[%emt 0:00:13]} d3 {[%emt 0:00:02]} 63. Kc1 {[%emt 0:00:31]} Rc2+ {[%emt 0:00:30]} 0-1

[Event "TUR-chT Superleague 2018"]
[Site "Ankara"]
[Date "2018.08.02"]
[Round "9"]
[White "Kizilkaya, Mehmet"]
[Black "Salepci, Osman Firat"]
[Result "1-0"]
[WhiteElo "2205"]
[BlackElo "2082"]
[Annotator "NA"]
[PlyCount "43"]
[EventDate "2018.07.25"]
[EventType "team-tourn"]
[EventCountry "TUR"]
[SourceTitle "playchess.com"]
[Source "ChessBase"]
[SourceQuality "1"]
[TimeControl "40/5400+30:1800+30"]

1. e4 c5 2. Nf3 e6 3. c3 Nf6 4. e5 Nd5 5. d4 cxd4 6. cxd4 b6 7. Bd2 Be7 8. Nc3 Nxc3 9. Bxc3 O-O 10. Bd3 d6 11. Qe2 Bb7 12. Rd1 Nd7 13. h4 h6 14. Bc2 Re8 15. Qd3 f5 16. exf6 Nxf6 17. Ng5 Bd5 18. Qg6 Rf8 19. Nh7 Nxh7 20. Qxh7+ Kf7 21. Bg6+ Kf6 22. Bh5 1-0